000 00756cam a22002414a 4500
001 12442236
005 20241107123108.0
008 010615s2002 maua b 001 0 eng
020 _a0072458720
050 0 0 _aT58.6
_b.H18 2002
082 0 0 _a658.4/038
_221
100 1 _aHaag, Stephen.
245 1 0 _aManagement information systems for the information age /
_cStephen Haag, Maeve Cummings, Donald J. McCubbrey.
250 _a3rd ed.
260 _aBoston :
_bMcGraw-Hill Irwin,
_cc2002.
300 _axxiii, 440 p. :
_bcol. ill. ;
_c29 cm.
500 _aIncludes index
650 0 _aManagement information systems.
650 0 _aInformation technology.
700 1 _aCummings, Maeve.
700 1 _aMcCubbrey, Donald J.
942 _2lcc
_cBK
_e3rd Ed.
_n0
999 _c795
_d795